000 00373nam a2200145Ia 4500
008 231129s1997||||xx |||||||||||||| ||spa||
020 _a958-04-2464-0
040 _bspa
082 _a(i) 808.068543 P258a
100 _aParramon Homs Jose Maria
245 0 _aLos abuelos
260 _c1997
264 _aParramon
942 _2ddc
_cBKS
999 _c19455
_d19455